00649cam a22002171 450000100060000000300080000600500170001400800410003103500190007203500190009104000420011004100080015208200180016010000470017824500780022526000380030330000390034165000230038065100150040365100130041828145BD-RjUL20211209051238.0140329s1923 enkf 001 0 eng d a(BD-RjUL)28226 a(OCoLC)2452460 aDLCcUUdUUdOCoLCdDLCdBD-RjULbeng aeng00a964bCOP 19231 aConway, William Martin Conway,d1856-1937.10aPalestine and Morocco :blands of the overlap /cby Sir Martin Conway ... aLondon :bE. Arnold & Co.,c1923. avii, [1], 296 p. :bill. ;c23 cm. 0aJewsxRestoration. 0aPalestine. 0aMorocco.